Difficult sums (Record no. 67051)
[ view plain ]
| 000 -LEADER | |
|---|---|
| fixed length control field | 01224cam a2200241 4500 |
| 001 - CONTROL NUMBER | |
| control field | ABS63938 |
| 008 - FIXED-LENGTH DATA ELEMENTS--GENERAL INFORMATION | |
| fixed length control field | 000000n2001 000 0 eng u |
| 035 ## - SYSTEM CONTROL NUMBER | |
| System control number | (Sirsi) u112651 |
| 100 ## - MAIN ENTRY--PERSONAL NAME | |
| Personal name | Bingham, T |
| 245 ## - TITLE STATEMENT | |
| Title | Difficult sums |
| 260 ## - PUBLICATION, DISTRIBUTION, ETC. | |
| Date of publication, distribution, etc. | 2001 |
| 490 ## - SERIES STATEMENT | |
| Series statement | Building |
| Volume/sequential designation | 266(8182) 27 April 2001, 52-53(2) |
| 520 ## - SUMMARY, ETC. | |
| Summary, etc. | Considers the case of "Beechwood Development Company (Scotland) Ltd v Stuart Mitchell t/a Discovery Land Surveys" in which Beechwood, a housebuilder, was awarded £31,000 damages for losses incurred from a delayed start to a building contract. Argues that an adjudicator may have come to a different conclusion on the basis that Beechwood was only temporarily out of pocket, and the lost time could have been made up in the longer term. |
| 590 ## - LOCAL NOTE (RLIN) | |
| Local note | ABS |
| 650 ## - SUBJECT ADDED ENTRY--TOPICAL TERM | |
| Topical term or geographic name entry element | HUDSON FORMULA |
| 650 ## - SUBJECT ADDED ENTRY--TOPICAL TERM | |
| Topical term or geographic name entry element | BEECHWOOD DEVELOPMENT COMPANY (SCOTLAND) V STUART MITCHELL T/A DISCOVERY LAND SURVEYS |
| 650 ## - SUBJECT ADDED ENTRY--TOPICAL TERM | |
| Topical term or geographic name entry element | DELAYS |
| 650 ## - SUBJECT ADDED ENTRY--TOPICAL TERM | |
| Topical term or geographic name entry element | MANAGEMENT-DISPUTE AVOIDANCE, MANAGEMENT AND RESOLUTION-DISPUTE MANAGEMENT AND RESOLUTION-ALTERNATIVE DISPUTE RESOLUTION-ADJUDICATION |
| 650 ## - SUBJECT ADDED ENTRY--TOPICAL TERM | |
| Topical term or geographic name entry element | CONTRACT CLAIMS |
| 650 ## - SUBJECT ADDED ENTRY--TOPICAL TERM | |
| Topical term or geographic name entry element | CALCULATION OF LOSS |
| 690 ## - LOCAL SUBJECT ADDED ENTRY--TOPICAL TERM (OCLC, RLIN) | |
| Topical term or geographic name as entry element | BUILT ENVIRONMENT-BUILDING CONTRACT FORMS |
| 942 ## - ADDED ENTRY ELEMENTS (KOHA) | |
| Suppress in OPAC | 0 |
| Withdrawn status | Lost status | Source of classification or shelving scheme | Damaged status | Not for loan | Home library | Current library | Shelving location | Date acquired | Total Checkouts | Full call number | Barcode | Date last seen | Copy number | Price effective from | Koha item type |
|---|---|---|---|---|---|---|---|---|---|---|---|---|---|---|---|
| Dewey Decimal Classification | London | London | Journal article | 17/05/2001 | ABS63938 | 112651-1001 | 06/08/2019 | 1 | 06/08/2019 | Journal article |